000 00634nam a2200217Ia 4500
001 244
005 20251205092348.0
008 251203t2014||||xx |||||||||||||| ||spa||
020 _a9786124659091
041 _aESP
082 _a641.59854
_bR93
100 _aRuiz Rosas, Alonso,
_cAUT
245 0 _aEl recetario de Arequipa :
_b600 recetas de la gran cocina mestiza
250 _aSegunda edición
260 _aArequipa :
_bCuzzi y Cía,
_c2014
300 _a533 páginas :
_b ilustraciones, fotografías ;
_c 18 cm.
650 _aTCA
653 _aCocina peruana - Arequipa - Historia
654 _aCTP
942 _cLIB
_dJUS
_fMAT
_2ddc
999 _c244
_d244